Welcome to WEB OPAC of MRSPTU Central Library

Principles of engineering metallurgy (Record no. 6108)

MARC details
000 -LEADER
fixed length control field 00442nam a2200169Ia 4500
008 - FIXED-LENGTH DATA ELEMENTS--GENERAL INFORMATION
fixed length control field 230711s9999||||xx |||||||||||||| ||und||
020 ## - INTERNATIONAL STANDARD BOOK NUMBER
International Standard Book Number 978-81-224-2202-3
041 ## - LANGUAGE CODE
Language code of text/sound track or separate title ENG
082 ## - DEWEY DECIMAL CLASSIFICATION NUMBER
Classification number 669
Item number RE-P
100 ## - MAIN ENTRY--PERSONAL NAME
Personal name reddy,Kirishna L
245 #0 - TITLE STATEMENT
Title Principles of engineering metallurgy
250 ## - EDITION STATEMENT
Edition statement 2nd Ed.
260 ## - PUBLICATION, DISTRIBUTION, ETC.
Date of publication, distribution, etc. 2015
Place of publication, distribution, etc. New Delhi
Name of publisher, distributor, etc. New Age International Publishers
300 ## - PHYSICAL DESCRIPTION
Extent 306p.
650 ## - SUBJECT ADDED ENTRY--TOPICAL TERM
Topical term or geographic name entry element Mechanical Engineering
942 ## - ADDED ENTRY ELEMENTS (KOHA)
Koha item type Book
Holdings
Withdrawn status Lost status Damaged status Not for loan Collection Home library Current library Date acquired Cost, normal purchase price Inventory number Total checkouts Full call number Barcode Date last seen Price effective from Koha item type
          MRSPTU Central Library MRSPTU Central Library   275.00 KBD/2016-2017/961742808   669 RE-P 33502 08/17/2023 08/17/2023 Book
          MRSPTU Central Library MRSPTU Central Library   275.00 KBD/2016-2017/961742808   669 RE-P 33503 08/17/2023 08/17/2023 Book
          MRSPTU Central Library MRSPTU Central Library   275.00 KBD/2016-2017/961742808   669 RE-P 33504 08/17/2023 08/17/2023 Book
          MRSPTU Central Library MRSPTU Central Library   275.00 KBD/2016-2017/961742808   669 RE-P 33505 08/17/2023 08/17/2023 Book
          MRSPTU Central Library MRSPTU Central Library   275.00 KBD/2016-2017/961742808   669 RE-P 33506 08/17/2023 08/17/2023 Book
          MRSPTU Central Library MRSPTU Central Library   275.00 KBD/2016-2017/961742808   669 RE-P 33507 08/17/2023 08/17/2023 Book
          MRSPTU Central Library MRSPTU Central Library   275.00 KBD/2016-2017/961742808   669 RE-P 33508 08/17/2023 08/17/2023 Book
          MRSPTU Central Library MRSPTU Central Library   275.00 KBD/2016-2017/961742808   669 RE-P 33509 08/17/2023 08/17/2023 Book
          MRSPTU Central Library MRSPTU Central Library   275.00 KBD/2016-2017/961742808   669 RE-P 33510 08/17/2023 08/17/2023 Book
          MRSPTU Central Library MRSPTU Central Library   275.00 KBD/2016-2017/961742808   669 RE-P 33511 08/17/2023 08/17/2023 Book
          MRSPTU Central Library MRSPTU Central Library   275.00 KBD/2016-2017/961742808   669 RE-P 33512 08/17/2023 08/17/2023 Book
          MRSPTU Central Library MRSPTU Central Library   275.00 KBD/2016-2017/961742808   669 RE-P 33513 08/17/2023 08/17/2023 Book
          MRSPTU Central Library MRSPTU Central Library   275.00 KBD/2016-2017/961742808   669 RE-P 33514 08/17/2023 08/17/2023 Book
          MRSPTU Central Library MRSPTU Central Library   275.00 KBD/2016-2017/961742808   669 RE-P 33515 08/17/2023 08/17/2023 Book
          MRSPTU Central Library MRSPTU Central Library   275.00 KBD/2016-2017/961742808   669 RE-P 33516 08/17/2023 08/17/2023 Book

Website Designed and Developed by MRSPTU Central Library Team

E-mail Id: librarian@mrsptu.ac.in